Export directory of Denmark : 1998-99 [
| Format: | Book |
|---|---|
| Published: |
[s.l]:
The Danish Chamber of Commerce,
[1998].
|
| Subjects: |
| LEADER | 00481cam a2200133 7i4500 | ||
|---|---|---|---|
| 001 | 0000008058 | ||
| 005 | 20000817090000.0 | ||
| 090 | 0 | 0 | |a CD-ROM 063-2 |b EXP |
| 245 | 0 | 0 | |a Export directory of Denmark : |b 1998-99 [ |m electronic resource]. |
| 260 | 0 | 0 | |a [s.l]: |b The Danish Chamber of Commerce, |c [1998]. |
| 300 | # | # | |a Electronic computer optical disc (CD-ROM). |
| 650 | 0 | 0 | |a Exporters -- |x Directories -- |z Denmark |
| 651 | 0 | 0 | |a Denmark |
| 999 | |a 0000011420 |b CD-ROM |c AV Collection |e Business Information Centre | ||